Types of forests in Europe on a map - Statistics

General Stats
  • This quiz has been taken 45 times
  • The average score is 3 of 14
Answers on the Map
Answers color-coded by a green-red scale on the quiz's map according to % correct below.
 
Answer Stats
Answer % Correct
Boreal forest or Taiga
68%
Alpine coniferous forest
40%
Mediterranean coniferous forest
32%
Mediterranean deciduous forest
24%
Mountainous beech forest
20%
Acidophylous oak and oak-birch forest
16%
Beech forest
16%
Floodplain forest
16%
Temperate deciduous forest
16%
Hemiboreal or nemoral forest
12%
Plantations and self-sown exotic forest
12%
Broadleaved evergreen forest
8%
Mire and swamp forests
8%
Non-riverine alder, birch or aspen forest
8%
No matching quizzes found
Score Distribution
Percent of People with Each Score
Percentile by Number Answered
Your Score History
You have not taken this quiz